书目信息 |
| 题名: |
顶尖秘书
|
|
| 作者: | 陈冠任 编著 | |
| 分册: | ||
| 出版信息: | 北京 当代中国出版社 2002.04 |
|
| 页数: | 455页 | |
| 开本: | 20cm | |
| 丛书名: | 中国热门行业实用丛书 | |
| 单 册: | ||
| 中图分类: | C931.46 | |
| 科图分类: | ||
| 主题词: | 秘书学--通俗读物 | |
| 电子资源: | ||
| ISBN: | 7-80170-123-2 | |
| 000 | 00623nam0 2200217 45 | |
| 001 | 0311181496 | |
| 005 | 20031219104121.7 | |
| 010 | @a7-80170-123-2@dCNY27.80 | |
| 100 | @a20031118d2002 km y0chiy0120 ea | |
| 101 | 0 | @achi |
| 105 | @a z 000yy | |
| 200 | 1 | @a顶尖秘书@ADing Jian Mi Shu@f陈冠任编著@FChen Guan Ren Bian Zhu |
| 210 | @a北京@c当代中国出版社@d2002.04 | |
| 215 | @a455页@d20cm | |
| 225 | @a中国热门行业实用丛书 | |
| 410 | @12001 @a中国热门行业实用丛书 | |
| 606 | 0 | @a秘书学@x通俗读物 |
| 690 | @aC931.46@v4 | |
| 701 | 0 | @a陈冠任@4编著 |
| 801 | @aCN@bTSTC@c20031118 | |
| 905 | @b328509-516@dC931.46@e134@f8 | |
| 顶尖秘书/陈冠任编著.-北京:当代中国出版社,2002.04 |
| 455页;20cm.-(中国热门行业实用丛书) |
| ISBN 7-80170-123-2:CNY27.80 |
| ● |
| 相关链接 |
|
|
|
|
正题名:顶尖秘书
索取号:C931.46/134
 
预约/预借
| 序号 | 登录号 | 条形码 | 馆藏地/架位号 | 状态 | 备注 |
| 1 | 0328509 | 203285097 | 第一借阅区/ [索取号:C931.46/134] | 在馆 | |
| 2 | 0328510 | 203285104 | 第一借阅区/ [索取号:C931.46/134] | 在馆 | |
| 3 | 0328511 | 203285113 | 教育系资料室/ [索取号:C931.46/134] | 在馆 | |
| 4 | 0328512 | 203285122 | 教育系资料室/ [索取号:C931.46/134] | 在馆 | |
| 5 | 0328513 | 203285131 | 教育系资料室/ [索取号:C931.46/134] | 在馆 | |
| 6 | 0328514 | 203285140 | 教育系资料室/ [索取号:C931.46/134] | 在馆 | |
| 7 | 0328515 | 203285159 | 第一借阅区/ [索取号:C931.46/134] | 在馆 | |
| 8 | 0328516 | 203285168 | 第一样本阅览室/ [索取号:C931.46/134] | 在馆 |